000 01083nac a22003257a 4500
001 BR8300622
003 BR-BrBNA
005 20240105115617.0
008 230509b bl.|||m| |||| 00| 0 por d
040 _aBR-BrBNA
_bpor
_cBiblioteca Nacional de Agricultura
072 _aQ10; S10
090 _a9230 BR8300622
100 1 _aJardine, J.G.
100 1 _aPape, G.
110 1 _aCentro de Tecnologia Agricola e Alimentar, Rio de Janeiro, RJ (Brasil)
_91664
245 1 _aFarinha mista de triticale e trigo para producao de paes
246 1 _a[Mixed flour of triticale and wheat for bread production]
260 3 _aRio de Janeiro, RJ (Brasil):
_c1982.
300 _a22 p.
490 _aBoletim de Pesquisa - Centro de Tecnologia Agricola e Alimentar (Brazil)
_vno. 1
_xISSN 0101-630X
500 _a10 tables; 26 ref.; Summaries (En, Pt)
650 _aPAO
650 _aFARINHA
650 _aTRIGO
650 _aTRITICALE
650 _aVALOR NUTRITIVO
650 _aINDUSTRIA ALIMENTICIA
909 _a202312
_bLúcia Elande
_c55
_dLúcia Elande
942 _2AGRIS
_n0
_cMS
999 _c275553
_d275553